000 01509nam a22002057a 4500
008 250625b |||||||| |||| 00| 0 eng d
020 _a9798334023819
040 _ctbs
041 _aeng
_ajpn
100 _aBolen, Jackie
_925581
_eauthor
245 _aLearn English with Japanese
_b: high-beginner English conversation lessons for Japanese speakers (with translations)
_c/ Jackie Bolen.
260 _a[Place of publication not identified] :
_b[Publisher not identified],
_c[date of publication not identified].
300 _a210 pages ;
_c25 cm.
490 _aLearn English with Japanese
520 _aLearn English with Japanese in a fun and interesting way! It can be difficult to find easy dialogues for English learners with Japanese translations. That’s where this book comes in! These conversations are easy to read, contain simple questions and answers, and the Japanese translation, in case you need it. Buy a copy of the book if you want to: Learn English through Japanese — Pick up some new phrases and expressions — See similar vocabulary words over and over again — Spend some time reading material at your level — See how people speak English in real life — Gain some confidence for your next trip — Level up your English language skills in a big way.
650 0 _aEnglish language
_xStudy and teaching
_xForeign speakers
_911690
650 0 _aEnglish language
_xSelf-instruction
_925365
650 0 _aEnglish language
_vTextbooks for foreign speakers
_96478
942 _2lcc
999 _c4794
_d4794